Running blind
El ex-agente Alan Stewart se ve envuelto en una situación problemática cuando su simple misión, entregar un paquete a un hombre de Islandia, se ve comprometida cuando descubre que es una trampa por su antiguo jefe. Ahora junto a su novia deberá escapar de sus perseguidores, mientras trata de descubr...
Shranjeno v:
| Glavni avtor: | |
|---|---|
| Format: | Knjiga |
| Jezik: | Undetermined |
| Izdano: |
Londres, Inglaterra
The Companion Book Club
1970
|
| Teme: | |
| Oznake: |
Označite
Brez oznak, prvi označite!
|
MARC
| LEADER | 00000nam a2200000Ia 4500 | ||
|---|---|---|---|
| 008 | 170316s9999 xx 000 0 und d | ||
| 040 | |a cru BVZT | ||
| 090 | |a 820 B-1r | ||
| 100 | |a Bagley, Desmond | ||
| 245 | |a Running blind | ||
| 260 | |a Londres, Inglaterra | ||
| 260 | |b The Companion Book Club | ||
| 260 | |c 1970 | ||
| 300 | |a 251 páginas | ||
| 520 | |a El ex-agente Alan Stewart se ve envuelto en una situación problemática cuando su simple misión, entregar un paquete a un hombre de Islandia, se ve comprometida cuando descubre que es una trampa por su antiguo jefe. Ahora junto a su novia deberá escapar de sus perseguidores, mientras trata de descubrir cómo resolver el desastre en que fue forzado a entrar. | ||
| 650 | |a LITERATURA INGLESA |9 12 | ||
| 650 | |a NOVELA |9 13 | ||
| 999 | |c 6726 |d 6726 | ||
| 942 | |c 15 D |h 820 B-1r |2 z | ||
